01445nab a22002657a 4500999001500000003000400015005001700019008004100036040000700077100002800084245020300112260004200315300001200357500003700369505035600406505008900762650002600851650003000877650003100907650004500938650003000983650003201013773012101045942001301166 c6549d6549OSt20260223140119.0190506c xxu||||| |||| 00| 0 spa d cPJ 94582aGasquet, Pablo A.10aProblemática de la aplicación de la Ley de Riesgo del Trabajo luego del dictado del fallo Pogonza :bla situación de indefensión en la que se encuentran los trabajadores /cPablo A. Gasquet. aBuenos Aires :bAbeledoPerrot,c2024. ap. 3-27 aCita: TR LALEY AR/DOC/1161/2024. aSumario: I. Introducción.— II. La Ley de Riesgo del Trabajo y sus reformas.— III. La ley 27.348. La controversia de la instancia administrativa previa y obligatoria de las comisiones médicas. Su inconstitucionalidad.— IV. Postura de la Corte Suprema en el fallo Pogonza.— V. La inexistencia del debido proceso.— VI. Conclusiones finales. t¿Te interesa el texto completo? Comunicate al correo: koha@justierradelfuego.gov.ar 091316aDERECHO LABORAL 091430aRIESGOS DEL TRABAJO 094942aCOMISIONES MÉDICAS 095144aASEGURADOR POR RIESGOS DEL TRABAJO 091406aINCAPACIDAD LABORAL 091417aACCIDENTES DE TRABAJO0 0275193202dBuenos Aires : AbeledoPerrot, 2013-tRevista de derecho laboral y seguridad social. Nº 12 - Junio 2024 2udccANA